Catálogo
 En Linea

República Dominicana : (Registro nro. 37858)

Detalles MARC
000 -CABECERA
campo de control de longitud fija 00564nam a2200145 a 4500
001 - NÚMERO DE CONTROL
campo de control 000038368
005 - FECHA Y HORA DE LA ÚLTIMA TRANSACCIÓN
campo de control 20201002031235.0
008 - DATOS DE LONGITUD FIJA--INFORMACIÓN GENERAL
campo de control de longitud fija 130409s1978 cr 000 0 spa d
040 ## - FUENTE DE LA CATALOGACIÓN
Centro catalogador/agencia de origen DO-SdBNP
Lengua de catalogación spa
Centro/agencia transcriptor BNPHU
100 1# - ENTRADA PRINCIPAL--NOMBRE DE PERSONA
Nombre de persona Guzmán M., José Miguel
9 (RLIN) 64724
245 10 - MENCIÓN DE TÍTULO
Título República Dominicana :
Resto del título estimación de la mortalidad basada en la encuesta nacional de fecundidad 1975 /
Mención de responsabilidad, etc. José Miguel Guzmán M.
260 ## - PUBLICACIÓN, DISTRIBUCIÓN, ETC.
Lugar de publicación, distribución, etc. San José, Costa Rica :
Nombre del editor, distribuidor, etc. Centro Latinoaméricano de Demografía,
Fecha de publicación, distribución, etc. 1978.
300 ## - DESCRIPCIÓN FÍSICA
Extensión 68 p. ;
Dimensiones 29 cm.
500 ## - NOTA GENERAL
Nota general Incluye notas al pie de las páginas
Existencias
Estado de retiro Estado de pérdida Restricciones de uso No para préstamo Código de colección Localización permanente Ubicación/localización actual Ubicación en estantería Fecha de adquisición Número de inventario Total de préstamos Signatura topográfica completa Código de barras Fecha visto por última vez Precio válido a partir de Tipo de ítem Koha
      Excluido de préstamo Monografías: Libros y Folletos Patrimonio Dominicano Patrimonio Dominicano Depósito 09.04.2013 LF1   38368-10 25.06.2020 25.06.2020 No se presta

Con tecnología Koha